| 000 | 00846nam a2200229 i 4500 | ||
|---|---|---|---|
| 001 | 68668 | ||
| 003 | ES-MaACL | ||
| 005 | 20230906170331.0 | ||
| 007 | t| | ||
| 008 | 040705s1916 xxu ||||1| eng d | ||
| 100 | 1 |
_aGonzález Roa, Fernando. _958915 |
|
| 245 | 1 | 4 |
_aThe mexican people and their detractors... / _cby Fernando González Roa. |
| 260 |
_aNew York : _b[Latin-American News Association, _c1916?] |
||
| 300 |
_a92 p. ; _c23 cm. |
||
| 500 | _aLa segunda parte del libro consiste principalmente en la crítica de Francisco Bulnes' Whole truth about Mexico. | ||
| 651 | 4 |
_aMéxico- _xPolítica agraria. _99070 |
|
| 651 | 4 |
_aMéxico- _xSituación económica. _9150095 |
|
| 651 | 4 |
_aMéxico- _xHistoria- _z1910-1946. _99066 |
|
| 700 | 0 |
_aBulnes, Francisco. _932528 |
|
| 852 |
_aES-MaACL _j1688-F-3 _bR.5105 |
||
| 852 |
_aES-MaACL _j1544-F-1 |
||
| 999 |
_c68668 _d68668 |
||